|
|
|
|
| LEADER |
00667cam a2200205 7i4500 |
| 001 |
0000017566 |
| 005 |
20170302090000.0 |
| 020 |
|
|
|a 9781856045278
|
| 020 |
|
|
|a 1856045277 (pbk.)
|
| 090 |
0 |
0 |
|a Z675.U5
|b B76 2005
|
| 100 |
1 |
|
|a Brophy, Peter
|
| 245 |
1 |
4 |
|a The academic library
|c Peter Brophy.
|
| 250 |
|
|
|a 2nd ed.
|
| 260 |
|
|
|a London:
|b Facet Pub.,
|c 2005.
|
| 300 |
|
|
|a xii, 233 p.;
|c 23 cm.
|
| 650 |
0 |
0 |
|a Libraries and readers
|
| 650 |
0 |
0 |
|a Academic libraries --
|z United Kingdom
|
| 997 |
|
|
|a Communication, Visual Art & Computing, Faculty
|b Communication, Department
|
| 998 |
|
|
|a Library Science, Diploma
|
| 999 |
|
|
|a 0000024175
|b BOK
|c OPEN SHELF
|e 2nd Floor, Bestari Jaya
|